Le bon continent - Erreurs éliminatoires - Statistiques

Statistiques générales
  • Ce quiz a été pris 233 fois
  • Le résultat moyen est 17 sur 20
Statistiques - réponses
Pays Continent % Correct
Éthiopie Afrique
100%
Gabon Afrique
100%
Gambie Afrique
100%
Maroc Afrique
100%
Laos Asie
100%
Malaisie Asie
100%
Andorre Europe
100%
Bulgarie Europe
100%
Macédoine du Nord Europe
100%
Moldavie Europe
100%
Pays-Bas Europe
100%
Royaume-Uni Europe
100%
Burundi Afrique
95%
Malawi Afrique
95%
République du Congo Afrique
95%
Soudan du Sud Afrique
95%
Tanzanie Afrique
95%
Mexique Amérique
95%
Arménie Asie
95%
Pakistan Asie
95%
Yémen Asie
95%
Croatie Europe
95%
Pologne Europe
95%
Fidji Océanie
95%
Égypte Afrique
94%
Mali Afrique
94%
Ouganda Afrique
94%
Chili Amérique
94%
Colombie Amérique
94%
Bangladesh Asie
94%
Chine Asie
94%
Émirats Arabes Unis Asie
94%
Géorgie Asie
94%
Liban Asie
94%
Singapour Asie
94%
Thaïlande Asie
94%
Vatican Europe
94%
Australie Océanie
94%
Pérou Amérique
93%
Sri Lanka Asie
93%
Salvador Amérique
92%
Iran Asie
92%
Philippines Asie
92%
Luxembourg Europe
92%
Burkina Faso Afrique
91%
Libye Afrique
91%
Inde Asie
91%
Mongolie Asie
91%
Autriche Europe
91%
Portugal Europe
91%
Serbie Europe
91%
Algérie Afrique
90%
Kenya Afrique
90%
Somalie Afrique
90%
Dominique Amérique
90%
Indonésie Asie
90%
Viêt Nam Asie
90%
Allemagne Europe
90%
Espagne Europe
90%
Côte d'Ivoire Afrique
89%
Madagascar Afrique
89%
République Démocratique du Congo Afrique
89%
Togo Afrique
89%
Afghanistan Asie
89%
Ouzbékistan Asie
89%
Estonie Europe
89%
Kosovo Europe
89%
Slovénie Europe
89%
Bénin Afrique
88%
Cap-Vert Afrique
88%
Eswatini Afrique
88%
Lesotho Afrique
88%
Liberia Afrique
88%
Nigeria Afrique
88%
Sénégal Afrique
88%
Soudan Afrique
88%
Antigua-et-Barbuda Amérique
88%
Bolivie Amérique
88%
Paraguay Amérique
88%
Cambodge Asie
88%
Turquie Asie/Europe
88%
Grèce Europe
88%
Islande Europe
88%
Lituanie Europe
88%
Norvège Europe
88%
Slovaquie Europe
88%
Russie Europe/Asie
88%
Danemark Europe
87%
Italie Europe
87%
Suède Europe
87%
Îles Salomon Océanie
87%
Nauru Océanie
87%
Afrique du Sud Afrique
86%
Équateur Amérique
86%
Panama Amérique
86%
Birmanie Asie
86%
Brunei Asie
86%
Irak Asie
86%
Japon Asie
86%
Biélorussie Europe
86%
Liechtenstein Europe
86%
Roumanie Europe
86%
Tonga Océanie
86%
Comores Afrique
85%
Guinée-Bissau Afrique
85%
Namibie Afrique
85%
Uruguay Amérique
85%
Syrie Asie
85%
Bosnie-Herzégovine Europe
85%
Saint-Marin Europe
85%
Ukraine Europe
85%
Vanuatu Océanie
85%
Zimbabwe Afrique
84%
Argentine Amérique
84%
Brésil Amérique
84%
Saint-Vincent-et-les-Grenadines Amérique
84%
Tadjikistan Asie
84%
Taïwan Asie
84%
Monténégro Europe
84%
Botswana Afrique
83%
République Centrafricaine Afrique
83%
Tunisie Afrique
83%
Jamaïque Amérique
83%
Corée du Nord Asie
83%
Turkménistan Asie
83%
Palestine Asie
83%
Lettonie Europe
83%
Monaco Europe
83%
Papouasie-Nouvelle-Guinée Océanie
83%
Rwanda Afrique
82%
Canada Amérique
82%
Cuba Amérique
82%
Guatemala Amérique
82%
Finlande Europe
82%
Suisse Europe
82%
Maurice Afrique
81%
Tchad Afrique
81%
Haïti Amérique
81%
Corée du Sud Asie
81%
Jordanie Asie
81%
Koweït Asie
81%
Albanie Europe
81%
Irlande Europe
81%
Malte Europe
81%
Cameroun Afrique
80%
Érythrée Afrique
80%
Bhoutan Asie
80%
États Fédérés de Micronésie Océanie
80%
Guinée Équatoriale Afrique
79%
Nicaragua Amérique
79%
Maldives Asie
79%
Belgique Europe
79%
Ghana Afrique
78%
Niger Afrique
78%
Honduras Amérique
78%
Venezuela Amérique
78%
Timor Oriental Asie
78%
Hongrie Europe
78%
Nouvelle-Zélande Océanie
78%
Guinée Afrique
77%
Suriname Amérique
77%
Palaos Océanie
77%
Bahamas Amérique
76%
États-Unis Amérique
76%
Sainte-Lucie Amérique
76%
Népal Asie
76%
France Europe
76%
Samoa Océanie
76%
Djibouti Afrique
75%
Belize Amérique
75%
Costa Rica Amérique
75%
Guyana Amérique
75%
République Dominicaine Amérique
75%
Saint-Christophe-et-Niévès Amérique
75%
Chypre Europe
75%
Seychelles Afrique
74%
Grenade Amérique
74%
Azerbaïdjan Asie
74%
Bahreïn Asie
74%
Qatar Asie
74%
Mozambique Afrique
73%
Zambie Afrique
73%
Kirghizistan Asie
73%
Israël Asie
71%
Oman Asie
71%
Kiribati Océanie
71%
Îles Marshall Océanie
70%
République Tchèque Europe
69%
Angola Afrique
68%
Sierra Leone Afrique
67%
Arabie Saoudite Asie
67%
Mauritanie Afrique
65%
Trinité-et-Tobago Amérique
65%
Kazakhstan Asie
65%
Barbade Amérique
64%
Tuvalu Océanie
63%
Sao Tomé-et-Principe Afrique
60%
Aucun quiz correspondant
Distribution des résultats
% des personnes avec chaque résultat
Percentile par nombre de réponses
Votre historique - résultats
Vous n’avez pas pris ce quiz